| 000 | 01272nam a2200325Ia 4500 | ||
|---|---|---|---|
| 001 | ebr10347238 | ||
| 003 | CaPaEBR | ||
| 006 | m u | ||
| 007 | cr cn||||||||| | ||
| 008 | 090422s2009 nyua sb 001 0 eng d | ||
| 010 | _z 2009016276 | ||
| 020 | _z9780814795507 (cl : alk. paper) | ||
| 020 | _z0814795501 (cl : alk. paper) | ||
| 040 |
_aCaPaEBR _cCaPaEBR |
||
| 035 | _a(OCoLC)488583422 | ||
| 050 | 1 | 4 |
_aHV7436 _b.M45 2009eb |
| 082 | 0 | 4 |
_a323.4/3 _222 |
| 100 | 1 | _aMelzer, Scott. | |
| 245 | 1 | 0 |
_aGun crusaders _h[electronic resource] : _bthe NRA's culture war / _cScott Melzer. |
| 260 |
_aNew York : _bNew York University Press, _cc2009. |
||
| 300 |
_axii, 323 p. : _bill. |
||
| 504 | _aIncludes bibliographical references and index. | ||
| 533 |
_aElectronic reproduction. _bPalo Alto, Calif. : _cebrary, _d2010. _nAvailable via World Wide Web. _nAccess may be limited to ebrary affiliated libraries. |
||
| 610 | 2 | 0 | _aNational Rifle Association of America. |
| 650 | 0 |
_aGun control _zUnited States. |
|
| 650 | 0 |
_aFirearms ownership _zUnited States. |
|
| 655 | 7 |
_aElectronic books. _2local |
|
| 710 | 2 | _aebrary, Inc. | |
| 856 | 4 | 0 |
_uhttp://site.ebrary.com/lib/rucke/Doc?id=10347238 _zAn electronic book accessible through the World Wide Web; click to view |
| 999 |
_c44308 _d44308 |
||